|
|
|
|
| LEADER |
01579nam a2200277 a 4500 |
| 001 |
GR-Patra24982 |
| 008 |
060825s2007 gr g b 001 b eng d |
| 020 |
|
|
|a 9780471733881
|
| 044 |
|
|
|b nj
|
| 082 |
|
0 |
|a 004.22
|2 22
|
| 100 |
1 |
|
|a Murdocca, Miles
|
| 245 |
1 |
0 |
|a Computer architecture and organization :
|b an integrated approach /
|c Miles J. Murdocca, Vincent P. Heuring.
|
| 260 |
|
|
|a Hoboken, NJ :
|b John Wiley & Sons,
|c c2007
|
| 300 |
|
|
|a xx, 524 σ. :
|b εικ.
|
| 490 |
1 |
|
|a Wiley series in electrical and computer engineering
|
| 500 |
|
|
|a Παράρτημα Πύργου. Τμήμα Πληροφορικής και μέσων μαζικής ενημέρωσης
|
| 504 |
|
|
|a Περιλαμβάνει βιβλιογραφίες και ευρετήριο.
|
| 610 |
2 |
4 |
|a Παράρτημα Πύργου. Τμήμα Πληροφορικής & Μέσων Μαζικής Ενημέρωσης
|
| 650 |
|
0 |
|a COMPUTER ARCHITECTURE
|
| 700 |
1 |
|
|a Heuring, Vincent P.
|
| 830 |
|
0 |
|1 00124983
|1 2001
|a Wiley series in electrical and computer engineering
|
| 942 |
|
|
|2 ddc
|
| 952 |
|
|
|0 0
|1 0
|2 ddc
|4 0
|6 004_220000000000000_MUR
|7 0
|9 306376
|a PYRG
|b PYRG
|c BSC
|d 2021-01-17
|e 24
|f 0
|g 0.00
|l 0
|o 004.22 MUR
|p 92410038494
|r 2021-01-17 00:00:00
|t 1
|w 2021-01-17
|y BK15
|x 20080331 0 1
|x GrPaTEI
|
| 952 |
|
|
|0 0
|1 0
|2 ddc
|4 0
|6 004_220000000000000_MUR
|7 0
|9 357153
|a LISP
|b LISP
|c ALFg
|d 2022-03-01
|l 0
|o 004.22 MUR
|p 025000287217
|r 2022-03-01 00:00:00
|v 2022.00
|w 2022-03-01
|y BK15
|x Μεταφορά από Τμ. Μηχανικών ΗΥ & Πληροφορικής
|
| 971 |
|
|
|a .b2672554x
|b 15-04-20
|c 26-09-16
|
| 999 |
|
|
|c 177047
|d 177047
|